[Event "London Golders Green op 4th"]
[Site "London"]
[Date "2014.08.23"]
[Round "1"]
[White "Penna, Tommaso"]
[Black "Marshall, Michael"]
[Result "0-1"]
[WhiteElo "1992"]
[BlackElo "1839"]
[PlyCount "98"]
[EventDate "2014.08.23"]
[EventType "swiss"]
[EventRounds "6"]
[EventCountry "ENG"]
[SourceTitle "EXT 2018"]
[Source "ChessBase"]
[SourceDate "2017.10.13"]
[SourceVersion "1"]
[SourceVersionDate "2017.10.13"]
[SourceQuality "1"]

1. d4 Nf6 2. c4 e6 3. Nc3 Bb4 4. e3 b6 5. Nge2 Ba6 6. a3 Be7 7. Nf4 d5 8. cxd5 Bxf1 9. Kxf1 exd5 10. g4 g5 11. Nh5 Nxh5 12. gxh5 Qd7 13. Qf3 c6 14. Rg1 Na6 15. e4 Nc7 16. exd5 cxd5 17. Bxg5 Bxg5 18. Rxg5 0-0-0 19. Re1 Rhe8 20. Rxe8 Rxe8 21. Qg4 Qxg4 22. Rxg4 Kd7 23. Rg5 Kd6 24. Rg7 Ke6 25. Rxh7 Rg8 26. Rh6+ Kd7 27. Rf6 Ke7 28. Rc6 Kd7 29. Rf6 Ke7 30. Rf5 Ke6 31. Re5+ Kd6 32. f3 f6 33. Rf5 Ke6 34. Rf4 Rh8 35. Rh4 Rh6 36. Kf2 Kf5 37. Ne2 b5 38. Ke3 a6 39. Rg4 Ke6 40. Ng3 Kf7 41. h4 Rh7 42. Rf4 Rh6 43. Rg4 Ne6 44. Kd3 Nd8 45. Ke3 Ne6 46. b3 Nc7 47. Nf5 Rh7 48. h6 Ne6 49. Rg1 Rh8 0-1

[Event "Robecchetto op-A 24th"]
[Site "Robecchetto"]
[Date "2013.12.29"]
[Round "5"]
[White "Gentili, Gianguido"]
[Black "Penna, Tommaso"]
[Result "0-1"]
[WhiteElo "2145"]
[BlackElo "1973"]
[PlyCount "92"]
[EventDate "2013.12.27"]
[EventType "swiss"]
[EventRounds "6"]
[EventCountry "ITA"]
[SourceTitle "EXT 2015"]
[Source "ChessBase"]
[SourceDate "2014.11.20"]
[SourceVersion "1"]
[SourceVersionDate "2014.11.20"]
[SourceQuality "1"]

1. Nf3 Nf6 2. c4 b6 3. Nc3 c5 4. d3 Bb7 5. e4 d6 6. g3 g6 7. Bg2 Bg7 8. 0-0 0-0 9. Bd2 Nc6 10. Rb1 e6 11. a3 Nd7 12. b4 Rc8 13. b5 Nd4 14. Ne1 Qe7 15. f4 Rcd8 16. a4 f5 17. a5 Nf6 18. a6 Ba8 19. Nc2 Nxc2 20. Qxc2 Qf7 21. Rbe1 Rfe8 22. Re2 Kh8 23. Rfe1 Qg8 24. Bc1 Ng4 25. h3 Bd4+ 26. Kh1 Qg7 27. Nd1 fxe4 28. dxe4 Rf8 29. Bf3 Nh6 30. Kg2 e5 31. Qd2 Nf7 32. Nb2 Rd7 33. Nd3 Re7 34. Nf2 Nd8 35. Qd3 Ref7 36. Bg4 h5 37. Bf3 Ne6 38. f5 gxf5 39. Bxh5 fxe4 40. Nxe4 Rf2+ 41. Rxf2 Rxf2+ 42. Kh1 Ng5 43. Bxg5 Qxg5 44. Bf3 Bxe4 45. Qxe4 Qxg3 46. Qa8+ Kg7 0-1

[Event "Omegna op 1st"]
[Site "Omegna"]
[Date "2013.07.07"]
[Round "6"]
[White "Schingaro, Angelo"]
[Black "Penna, Tommaso"]
[Result "0-1"]
[WhiteElo "1719"]
[BlackElo "1947"]
[PlyCount "74"]
[EventDate "2013.07.04"]
[EventType "swiss"]
[EventRounds "6"]
[EventCountry "ITA"]
[SourceTitle "EXT 2014"]
[Source "ChessBase"]
[SourceDate "2013.11.20"]
[SourceVersion "1"]
[SourceVersionDate "2013.11.20"]
[SourceQuality "1"]

1. e4 c5 2. Nf3 e6 3. d4 cxd4 4. Nxd4 Nc6 5. Nc3 Qc7 6. Be3 a6 7. Bd3 Nf6 8. 0-0 Ne5 9. Nf3 Nfg4 10. Nxe5 Nxe3 11. fxe3 Qxe5 12. Qf3 f6 13. Qf4 Bc5 14. Qxe5 Bxe3+ 15. Kh1 fxe5 16. Rf3 Bd4 17. Raf1 b5 18. Rf7 Rg8 19. h4 Bb7 20. Ne2 Bxb2 21. Ng3 Ba3 22. Nh5 Bf8 23. c4 bxc4 24. Bxc4 Bxe4 25. Ng3 Bg6 26. R7f3 d5 27. Bb3 e4 28. Ba4+ Ke7 29. Rb3 Be8 30. Rb7+ Kd6 31. Bxe8 Rxe8 32. Rb6+ Ke5 33. Rxa6 Be7 34. h5 Ra8 35. Rxa8 Rxa8 36. h6 gxh6 37. Ra1 Ra3 0-1

[Event "Omegna op 1st"]
[Site "Omegna"]
[Date "2013.07.04"]
[Round "1"]
[White "Rizzi, Pietro"]
[Black "Penna, Tommaso"]
[Result "0-1"]
[WhiteElo "1582"]
[BlackElo "1947"]
[PlyCount "90"]
[EventDate "2013.07.04"]
[EventType "swiss"]
[EventRounds "6"]
[EventCountry "ITA"]
[SourceTitle "EXT 2014"]
[Source "ChessBase"]
[SourceDate "2013.11.20"]
[SourceVersion "1"]
[SourceVersionDate "2013.11.20"]
[SourceQuality "1"]

1. e4 c5 2. c3 Nf6 3. e5 Nd5 4. d4 cxd4 5. Nf3 e6 6. cxd4 d6 7. Nc3 Nxc3 8. bxc3 Qc7 9. Bd2 Nd7 10. Bb5 a6 11. Bxd7+ Bxd7 12. Ng5 dxe5 13. Qh5 g6 14. Qf3 f5 15. Qe2 Bg7 16. c4 exd4 17. Nxe6 Bxe6 18. Qxe6+ Qe7 19. Qxe7+ Kxe7 20. Bb4+ Kf7 21. Kd2 Rad8 22. Rae1 Rd7 23. Kd3 Re8 24. a4 Bf6 25. Rxe8 Kxe8 26. Re1+ Kf7 27. Re2 Bd8 28. h3 Bc7 29. Re1 Bd6 30. c5 Be7 31. a5 Bf6 32. Rc1 Rc7 33. Re1 Rc6 34. Kc4 Re6 35. Kd5 Rxe1 36. Bxe1 Ke7 37. c6 bxc6+ 38. Kxc6 Bg5 39. Kb6 d3 40. Bb4+ Ke6 41. Kxa6 d2 42. Bxd2 Bxd2 43. Kb5 Be1 44. f3 Ke5 45. g3 Bxg3 0-1

[Event "Biella Vercelli Province-ch"]
[Site "Santhia"]
[Date "2013.03.22"]
[Round "3"]
[White "Pedoni, Lorenzo"]
[Black "Penna, Tommaso"]
[Result "1/2-1/2"]
[WhiteElo "1614"]
[BlackElo "1936"]
[PlyCount "72"]
[EventDate "2013.03.08"]
[EventType "swiss"]
[EventRounds "5"]
[EventCountry "ITA"]
[SourceTitle "EXT 2014"]
[Source "ChessBase"]
[SourceDate "2013.11.20"]
[SourceVersion "1"]
[SourceVersionDate "2013.11.20"]
[SourceQuality "1"]

1. e4 c5 2. Nf3 e6 3. c3 Nf6 4. e5 Nd5 5. d4 cxd4 6. cxd4 d6 7. a3 Bd7 8. Bd3 Bc6 9. 0-0 Nd7 10. Nbd2 dxe5 11. dxe5 Be7 12. Nc4 0-0 13. Re1 Nc5 14. Nd4 Nxd3 15. Nxc6 bxc6 16. Qxd3 Nb6 17. Qxd8 Rfxd8 18. Na5 Rac8 19. Be3 Rd5 20. Bxb6 axb6 21. Nc4 Rb8 22. Rad1 Kf8 23. Kf1 Ke8 24. Rc1 Kd7 25. Red1 b5 26. Na5 Rc8 27. Ke2 c5 28. Nb7 Kc6 29. Rxd5 Kxd5 30. f4 Rc7 31. Rd1+ Ke4 32. Nd6+ Bxd6 33. exd6 Rd7 34. g3 f5 35. Kf2 h6 36. h4 g6 1/2-1/2

[Event "Milan Crespi op-B 33rd"]
[Site "Milan"]
[Date "2012.12.07"]
[Round "3"]
[White "Penna, Tommaso"]
[Black "Messina, Roberta"]
[Result "1-0"]
[WhiteElo "1893"]
[BlackElo "1993"]
[PlyCount "73"]
[EventDate "2012.12.05"]
[EventType "swiss"]
[EventRounds "7"]
[EventCountry "ITA"]
[SourceTitle "EXT 2015"]
[Source "ChessBase"]
[SourceDate "2014.11.20"]
[SourceVersion "1"]
[SourceVersionDate "2014.11.20"]
[SourceQuality "1"]

1. d4 Nf6 2. c4 Nc6 3. Nf3 e6 4. Nc3 Bb4 5. Qc2 d6 6. Bd2 0-0 7. a3 Bxc3 8. Bxc3 Qe7 9. e4 e5 10. d5 Nb8 11. Be2 h6 12. 0-0 Bg4 13. h3 Bh5 14. Rfe1 Bg6 15. Bd3 Nh5 16. g3 Qd7 17. Kg2 c6 18. dxc6 Nxc6 19. b4 Rac8 20. Qb3 Qe6 21. Qb2 Ne7 22. c5 dxc5 23. Nxe5 cxb4 24. Bxb4 Rfd8 25. Bc4 Qb6 26. Qb3 Rc7 27. Bxf7+ Kh7 28. Bxe7 Qxb3 29. Bxg6+ Kh8 30. Bxd8 Rc2 31. Bxh5 Qb2 32. Ng4 Qb5 33. Bg6 Qc6 34. Bf5 h5 35. Ne5 Qc5 36. Ng6+ Kg8 37. Rf1 1-0

[Event "Milan Crespi op-B 33rd"]
[Site "Milan"]
[Date "2012.12.06"]
[Round "2"]
[White "Mouflih, Caesar Faycal"]
[Black "Penna, Tommaso"]
[Result "1/2-1/2"]
[WhiteElo "1982"]
[BlackElo "1893"]
[PlyCount "96"]
[EventDate "2012.12.05"]
[EventType "swiss"]
[EventRounds "7"]
[EventCountry "ITA"]
[SourceTitle "EXT 2015"]
[Source "ChessBase"]
[SourceDate "2014.11.20"]
[SourceVersion "1"]
[SourceVersionDate "2014.11.20"]
[SourceQuality "1"]

1. e4 c5 2. Nf3 e6 3. d4 cxd4 4. Nxd4 Nc6 5. g3 d5 6. Bg2 Nf6 7. exd5 Nxd5 8. Nxc6 bxc6 9. c4 Bb4+ 10. Bd2 Bxd2+ 11. Qxd2 Ne7 12. Qg5 0-0 13. Nc3 Ba6 14. Rd1 Qc7 15. b3 Rad8 16. 0-0 Nf5 17. g4 h6 18. Qh5 Nd4 19. f4 Qb6 20. Kh1 Qb4 21. Ne4 f5 22. Ng3 fxg4 23. Qxg4 Bb7 24. Nh5 Nf5 25. Qe2 Qe7 26. Ng3 Nd4 27. Qe5 c5 28. Bxb7 Qxb7+ 29. Qe4 Qxe4+ 30. Nxe4 Rf5 31. Kg2 Kf7 32. Ng3 Rf6 33. Ne4 Rf5 34. Ng3 Rf6 35. f5 exf5 36. Rxf5 Rxf5 37. Nxf5 Kf6 38. Ne3 Re8 39. Nd5+ Kg5 40. Rd2 Re2+ 41. Rxe2 Nxe2 42. a3 Nf4+ 43. Nxf4 Kxf4 44. b4 cxb4 45. axb4 Ke4 46. Kg3 Kd4 47. c5 Kd5 48. Kf4 g6 1/2-1/2

[Event "Milan Crespi op-B 33rd"]
[Site "Milan"]
[Date "2012.12.05"]
[Round "1"]
[White "Penna, Tommaso"]
[Black "Rinaldo, Andrea"]
[Result "1-0"]
[WhiteElo "1893"]
[BlackElo "1753"]
[PlyCount "103"]
[EventDate "2012.12.05"]
[EventType "swiss"]
[EventRounds "7"]
[EventCountry "ITA"]
[SourceTitle "EXT 2015"]
[Source "ChessBase"]
[SourceDate "2014.11.20"]
[SourceVersion "1"]
[SourceVersionDate "2014.11.20"]
[SourceQuality "1"]

1. d4 d5 2. c4 c6 3. Nc3 Nf6 4. Nf3 e6 5. e3 Be7 6. Bd3 Nbd7 7. 0-0 0-0 8. b3 Qa5 9. Bd2 dxc4 10. bxc4 Qc7 11. Qb3 e5 12. Rac1 Re8 13. Rfd1 Qd6 14. Ne4 Nxe4 15. Bxe4 Bf6 16. Bb4 Qe6 17. d5 Qg4 18. Qc2 cxd5 19. Bxh7+ Kh8 20. Bf5 Qh5 21. cxd5 Nb6 22. Bxc8 Raxc8 23. Qe4 Qh7 24. Qxh7+ Kxh7 25. e4 Nd7 26. g3 g6 27. h4 Bg7 28. d6 Rc6 29. Rxc6 bxc6 30. Rc1 c5 31. Bxc5 Bh6 32. Rc3 f5 33. Bxa7 fxe4 34. Ng5+ Bxg5 35. hxg5 Re6 36. Rc6 Kg7 37. Kf1 Kf7 38. Ke2 Re8 39. Rc2 Ra8 40. Be3 Ke6 41. Rd2 Rb8 42. a4 Ra8 43. Ra2 Kxd6 44. a5 Ra6 45. Kd2 Kd5 46. Kc3 Kc6 47. Kb4 Kb7 48. Rd2 Kc6 49. Rc2+ Kb7 50. Kb5 Nb8 51. Bb6 Ra8 52. Rc7# 1-0

[Event "Biella Province-ch"]
[Site "Valle Mosso"]
[Date "2012.03.30"]
[Round "4"]
[White "Borghi, Dario"]
[Black "Penna, Tommaso"]
[Result "1/2-1/2"]
[WhiteElo "1584"]
[BlackElo "1821"]
[PlyCount "98"]
[EventDate "2012.03.02"]
[EventType "swiss"]
[EventRounds "5"]
[EventCountry "ITA"]
[SourceTitle "EXT 2024"]
[Source "ChessBase"]
[SourceDate "2023.10.10"]
[SourceVersion "1"]
[SourceVersionDate "2023.10.10"]
[SourceQuality "1"]

1. e4 c5 2. Nf3 e6 3. d4 cxd4 4. Nxd4 Nc6 5. Nc3 Qc7 6. Be3 a6 7. Be2 Nf6 8. a3 Nxd4 9. Bxd4 Bd6 10. Qd3 b5 11. Qf3 Bb7 12. Rd1 Rc8 13. Qe3 Bf4 14. Qd3 h5 15. g3 Bd6 16. Bxf6 Bxa3 17. bxa3 gxf6 18. Nb1 f5 19. Bf3 fxe4 20. Bxe4 Bxe4 21. Qxe4 Qxc2 22. Qxc2 Rxc2 23. Rf1 h4 24. Rd2 Rc1+ 25. Ke2 Rxf1 26. Kxf1 hxg3 27. fxg3 d5 28. Rc2 Kd7 29. h4 f5 30. Rf2 Rc8 31. Nd2 Ke7 32. Ke2 Rc3 33. Rf3 Rxf3 34. Kxf3 Kf6 35. Nb3 e5 36. g4 fxg4+ 37. Kxg4 d4 38. h5 d3 39. h6 Kg6 40. h7 Kxh7 41. Kf5 Kg7 42. Kxe5 Kf7 43. Kd6 Kf6 44. Nc5 Kf5 45. Nxd3 Ke4 46. Nc5+ Kd4 47. Nxa6 Kc4 48. Nc7 b4 49. axb4 Kxb4 1/2-1/2